Villes du Finistère de plus de 8000 habitants - Statistiques

Statistiques générales
  • Ce quiz a été pris 91 fois
  • Le résultat moyen est 10 sur 14
Statistiques - réponses
Hint Réponse % Correct
142 722 Brest
99%
63 961 Quimper
99%
20 280 Concarneau
85%
15 605 Morlaix
85%
15 436 Douarnenez
76%
14 902 Landerneau
76%
10 877 Quimperlé
75%
13 855 Guipavas
65%
8 093 Pont-l'Abbé
57%
8 831 Landivisiau
53%
13 065 Plougastel-Daoulas
52%
9 793 Fouesnant
51%
11 745 Plouzané
51%
10 746 Le Relecq-Kerhuon
30%
Aucun quiz correspondant
Distribution des résultats
% des personnes avec chaque résultat
Percentile par nombre de réponses
Votre historique - résultats
Vous n’avez pas pris ce quiz